000 00476nam a2200181Ia 4500
001 8619
005 20260306160623.0
008 260306t2001||||xx |||||||||||||| ||spa||
041 _aESP
082 _a371.2
_bP42
100 _aPeña Montes, Luzardo R.
_eAUT
245 0 _aAdministración de instituciones educativas:
_bDesde la perspectiva del P.E.I.
260 _c2001
300 _a268 páginas :
_c24 cm.
650 _aGEN
654 _aCED
942 _cLIB
_dJUS
_fJUS
_2ddc
_n
999 _c8619
_d8619